|
|
|
|
| LEADER |
00000nam0a2200000 4500 |
| 001 |
57927 |
| 005 |
20231031054604.0 |
| 010 |
|
|
|a 5060041344
|
| 035 |
|
|
|a (RuTPU)RU\TPU\book\61152
|
| 090 |
|
|
|a 57927
|
| 100 |
|
|
|a 20031119d2001 m y0rusy50 ca
|
| 101 |
0 |
|
|a rus
|
| 102 |
|
|
|a RU
|
| 105 |
|
|
|a a j 001zy
|
| 200 |
1 |
|
|a Обыкновенные дифференциальные уравнения в примерах и задачах
|e учебное пособие
|f А. В. Пантелеев, А. С. Якимова, А. В. Босов
|
| 210 |
|
|
|a Москва
|c Высшая школа
|d 2001
|
| 215 |
|
|
|a 376 с.
|c ил.
|
| 225 |
1 |
|
|a Прикладная математика для ВТУЗов
|
| 320 |
|
|
|a Библиогр.: с. 371-373.
|
| 610 |
1 |
|
|a математика
|
| 610 |
1 |
|
|a обыкновенные дифференциальные уравнения
|
| 610 |
1 |
|
|a решения
|
| 610 |
1 |
|
|a аналитические методы
|
| 610 |
1 |
|
|a линейные дифференциальные уравнения
|
| 610 |
1 |
|
|a операционные исчисления
|
| 610 |
1 |
|
|a динамические системы
|
| 610 |
1 |
|
|a численные методы
|
| 610 |
1 |
|
|a неявные методы
|
| 610 |
1 |
|
|a учебные пособия
|
| 675 |
|
|
|a 517.91(075.8)
|v 3
|
| 700 |
|
1 |
|a Пантелеев
|b А. В.
|g Андрей Владимирович
|
| 701 |
|
1 |
|a Якимова
|b А. С.
|g Альбина Степановна
|
| 701 |
|
1 |
|a Босов
|b А. В.
|g Алексей Вячеславович
|
| 801 |
|
1 |
|a RU
|b 63413507
|c 20031119
|g PSBO
|
| 801 |
|
2 |
|a RU
|b 63413507
|c 20201010
|g PSBO
|
| 900 |
|
|
|a Дифференциальные уравнения
|
| 942 |
|
|
|c BK
|
| 951 |
|
|
|a 510100
|b 010200
|
| 959 |
|
|
|a 90/20051116
|d 5
|e 0
|f НФ:5
|
| 959 |
|
|
|a 36/20090313
|d 15
|e 182,60
|f УФ:15
|